Nelineárne a číslicové servosystémy /
Gespeichert in:
| 1. Verfasser: | |
|---|---|
| Format: | Buch |
| Sprache: | Slowakisch |
| Veröffentlicht: |
Bratislava :
Alfa,
1986
|
| Ausgabe: | 1.vyd. |
| Tags: |
Keine Tags, Fügen Sie das erste Tag hinzu!
|
MARC
| LEADER | 00000nam a22000003a 4500 | ||
|---|---|---|---|
| 001 | stu6632 | ||
| 005 | 20220401153011.3 | ||
| 008 | 940818s1986----cs------------------slo-d | ||
| 040 | |a STU |b slo | ||
| 041 | 0 | |a slo | |
| 044 | |a cs | ||
| 080 | |a 681.513.3 | ||
| 080 | |a 681.323 |7 stu_us_auth*stu8264 | ||
| 080 | |a 621.313-526 | ||
| 100 | 1 | |a Kalaš, Václav |4 aut |u E010 |T FEI Ústav riadenia a priemyselnej informatiky |U E010 |Y E010 | |
| 245 | 1 | |a Nelineárne a číslicové servosystémy / |c Aut.: Kalaš,Václav | |
| 250 | |a 1.vyd. | ||
| 260 | |a Bratislava : |b Alfa, |c 1986 | ||
| 300 | |a 446 s | ||
| 996 | |b 284EK02323 |c E*60187 |l EE0101 |s P |a 0 |w stu6632_0003 | ||
| 996 | |b 284EK06081 |c E*60194 |l EE01 |s A |a 24 |w stu6632_0006 | ||
| 996 | |b 284EK83428 |c E*83428 |l EE01 |s A |a 24 |w stu6632_0007 | ||
| 996 | |b E60599 |c E*60599 |l EE30 |s P |a 0 |w stu6632_0011 | ||
| 996 | |b E60602 |c E*60602 |l EE30 |s P |a 0 |w stu6632_0012 | ||
| 996 | |b 284EK04041 |c E*80387 |l EE01 |s A |a 24 |w stu6632_0013 | ||
| 996 | |b 284EK05676 |c E*60183 |l EE01 |s A |a 24 |w stu6632_0016 | ||
| 996 | |b 284EK03323 |c E*60185 |l EE01 |s A |a 24 |w stu6632_0018 | ||
| 996 | |b 284EK06819 |c E*60190 |l EE01 |s A |a 24 |w stu6632_0022 | ||
| 996 | |b 284EK04074 |c E*60192 |l EE01 |s A |a 24 |w stu6632_0023 | ||